100 ciudades más pobladas de Centroamérica (con un mapa) - Estadísticas

Estadísticas generales
  • Esta prueba ha sido intentada 896 veces
  • La puntuación promedio es 17 de 100
Respuestas en el mapa
Las respuestas están codificadas por una escala verde-roja en el mapa de la prueba según el % correcto abajo.
 
Estadísticas de respuestas
Ciudad Población % Correcto
Ciudad de Panamá 410 354
95%
San José 1 453 500
91%
San José Pinula 67 327
91%
Managua 1 055 111
88%
Tegucigalpa 1 132 000
87%
San Salvador 329 379
84%
Ciudad de Guatemala 923 392
81%
San Juan Sacatepéquez 155 965
49%
San Pedro Sula 701 200
49%
San Pedro Ayampuc 48 727
38%
Ciudad de Belice 65 834
37%
San Pedro Sacatepéquez 49 589
37%
Colón 127 722
30%
Santa Ana 210 000
28%
León 177 270
26%
San Miguel 189 000
25%
Granada 106 719
23%
Limón 65 300
23%
Santiago de Veraguas 81 079
22%
Quetzaltenango 180 706
18%
Santa Cruz del Quiché 78 279
18%
Alajuela 196 900
17%
Ocotal 49 538
16%
Las Garzas 56 980
15%
La Ceiba 209 000
14%
Liberia 59 100
14%
San Marcos 63 209
14%
Cartago 232 300
13%
Estelí 112 132
13%
Santa Lucía Cotzumalguapa 58 877
13%
Villa Nueva 426 316
13%
Villanueva 83 650
13%
Cobán 212 047
12%
Comayagüa 120 500
12%
Heredia 367 900
12%
Mixco 463 019
12%
San Martín 66 004
12%
Santa Rosa de Copán 61 800
12%
Huehuetenango 117 818
11%
Puerto Barrios 100 593
11%
Puntarenas 87 500
11%
Chinandega 115 687
10%
El Progreso 120 600
10%
La Chorrera 65 438
10%
Masaya 140 721
10%
Olanchito 49 750
10%
Santa Tecla 108 840
10%
Choluteca 99 980
9%
Matagalpa 114 120
9%
Bluefields 56 421
8%
Danlí 80 200
8%
Escuintla 156 313
8%
Puerto Cabezas 86 279
8%
Chimaltenango 96 985
7%
Chitré 60 957
7%
Jalapa 159 840
7%
Juticalpa 75 790
7%
Mejicanos 136 085
7%
Puerto Cortés 73 150
7%
San Isidro de El General 66 300
7%
San Miguelito 280 777
7%
Soyapango 229 747
7%
Usulután 51 496
7%
Zacapa 60 370
7%
Ahuachapán 63 981
6%
Apopa 119 000
6%
Chiquimula 111 505
6%
Choloma 220 300
6%
Ciudad Sandino 130 357
6%
Cristóbal Este 64 816
6%
Mazatenango 77 431
6%
Salamá 65 275
6%
Siguatepeque 79 520
6%
Tocoa 63 320
6%
Villa Canales 124 680
6%
Amatitlán 98 176
5%
Catacamas 63 310
5%
Chinautla 104 972
5%
Jinotega 57 605
5%
La Lima 80 740
5%
Retalhuleu 90 505
5%
San Rafael de Alajuela 57 500
5%
Santa Catarina Pinula 70 982
5%
Sololá 88 612
5%
Tipitapa 150 597
5%
Totonicapán 103 952
5%
Chichicastenango 71 394
4%
Delgado 112 161
4%
El Viejo 53 382
4%
Ilopango 103 862
4%
Juigalpa 54 124
4%
Pacora 70 283
4%
Palín 62 095
4%
Petapa 129 124
4%
Tocumen 89 361
4%
Cuscatancingo 66 400
3%
Jutiapa 145 880
3%
Mateare 63 771
3%
Tonacatepeque 78 158
3%
Ernesto Córdoba Campos 71 613
2%
No se encontraron pruebas coincidentes
Distribución de puntuación
Porcentaje de gente con cada puntuación
Porcentaje por número respondido
Historial de tus puntuaciones
No has intentado esta prueba.